Mikrobiologie /

Hlavní autor: Musilová, Šárka, 1984-
Korporativní autor: Česká zemědělská univerzita v Praze. Katedra mikrobiologie, výživy a dietetiky
Další autoři: Ságová-Marečková, Markéta, 1963-
Jazyk: Čeština
Vydáno: Praha : Česká zemědělská univerzita v Praze, 2018-2019
Vydání: Vydání první
Témata:
Externí odkaz: Digitalizovaný dokument
Fyzický popis: 3 svazky (65; 75; 66 stran) : ilustrace, portréty ; 30 cm
Odebírané svazky: 1-3
Knihy
Uloženo v:
LEADER 02531nam a2200541 ia4500
001 nkc20183060289
003 CZ PrNK
005 20240523060744.0
007 ta
008 181205m20182019xr ac e p 000 0 cze
015 |a cnb003060289 
020 |a 978-80-213-2882-2  |q (1. část ;  |q brožováno) 
020 |a 978-80-213-2883-9  |q (2. část ;  |q brožováno) 
020 |a 978-80-213-2934-8  |q (3. část ;  |q brožováno) :  |c Kč 95,00 
035 |a (OCoLC)1085388315 
040 |a BOA001  |b cze  |d ABA001  |e rda 
072 7 |a 579  |x Mikrobiologie  |2 Konspekt  |9 2 
072 7 |a 37.016  |x Učební osnovy. Vyučovací předměty. Učebnice  |2 Konspekt  |9 22 
080 |a 579+578  |2 MRF 
080 |a (075.8)  |2 MRF 
100 1 |a Musilová, Šárka,  |d 1984-  |7 xx0126188  |4 aut 
245 1 0 |a Mikrobiologie /  |c Šárka Musilová 
250 |a Vydání první 
264 1 |a Praha :  |b Česká zemědělská univerzita v Praze,  |c 2018-2019 
300 |a 3 svazky (65; 75; 66 stran) :  |b ilustrace, portréty ;  |c 30 cm 
336 |a text  |b txt  |2 rdacontent 
337 |a bez média  |b n  |2 rdamedia 
338 |a svazek  |b nc  |2 rdacarrier 
500 |a Autorka 3. části: Markéta Marečková 
500 |a Nad názvem: Česká zemědělská univerzita v Praze, Fakulta agrobiologie, potravinových a přírodních zdrojů, katedra mikrobiologie, výživy a dietetiky 
500 |a Všechny svazky v nákladu 100 výtisků 
500 |a Dostupné též v digitální podobě v aplikaci Kramerius 
504 |a Obsahuje bibliografie 
521 8 |a Pro posluchače FAPPZ 
650 0 7 |a mikrobiologie  |7 ph115303  |2 czenas 
650 0 9 |a microbiology  |2 eczenas 
655 7 |a učebnice vysokých škol  |7 fd133772  |2 czenas 
655 9 |a textbooks (higher)  |2 eczenas 
700 1 |a Ságová-Marečková, Markéta,  |d 1963-  |7 xx0095954  |4 aut 
710 2 |a Česká zemědělská univerzita v Praze.  |b Katedra mikrobiologie, výživy a dietetiky  |7 mzk2005266585  |4 isb 
856 4 1 |u http://www.digitalniknihovna.cz/mzk/uuid/uuid:10e40f40-a196-11eb-a2cb-005056825209  |y Digitalizovaný dokument  |x NDK 
910 |a BOA001  |b 4-1420.063  |s 1-3 
990 |a BK 
995 |a 01 
991 |b 201812  |c NOV 
996 6 |b 2610764561  |c 4-1420.063  |d 1. část  |v 1  |l MZK  |r Sklad / do 1 hodiny  |n 0  |p p.v.  |w 001699142  |u 000010  |a 1  |e BOA001  |j MZK50  |s P 
996 6 |b 2610764562  |c 4-1420.063  |d 2. část  |v 2  |l MZK  |r Sklad / do 1 hodiny  |n 0  |p p.v.  |w 001699142  |u 000020  |a 1  |e BOA001  |j MZK50  |s P 
996 6 |b 2610780888  |c 4-1420.063  |d 3. část  |v 3  |l MZK  |r Sklad / do 1 hodiny  |n 1  |p p.v.  |w 001699142  |u 000030  |a 1  |e BOA001  |j MZK50  |s P